000 01969nam a2200541 i 4500
001 6184
003 KOSZ 005
005 20211207095818.0
008 060527s1993 pl a |000 0 pol
015 _aUWD 2006/12546
020 _a8385515283
035 _a991029065179705066
035 _a(PL-WaBN)b17857557-48omnis_nlop
035 _ab17857557
035 _a(OCoLC)169917304
035 _a(PL)b0000001785755
035 _a(EXLNZ-48OMNIS_NETWORK)9910278241105606
040 _aWA N
_cWA N
_dKOSZ 005/AR
041 1 _apol
_heng
044 _apl
080 _a004.4'232
080 _a(07)
100 1 _aFlynn, Jennifer
_eAutor
245 1 0 _aAmi Pro 3 w 10 minut /
_cJennifer Flynn ; [tłumaczył Adam Majczak].
246 1 _iTytuł oryginału :
_a10 minute guide to Ami Pro 3.0,
_f1992
246 1 4 _aAmi Pro v.3.0 w 10 minut
246 3 _aAmi Pro 3 w dziesięć minut
260 _aWarszawa :
_bIntersoftland,
_c1993.
300 _a154 strony :
_bilustracje ;
_c21 cm.
336 _aTekst
_btxt
_2rdacontent
337 _aBez urządzenia pośredniczącego
_bn
_2rdamedia
338 _aWolumin
_bnc
_2rdacarrier
380 _aKsiążki
388 _a1901-2000
388 _a1989-2000
490 1 _aW 10 Minut
500 _aNa okładce podtytuł : krótkie lekcje posługiwania się programem AMI PRO : poradnik dla użytkowników ceniących swój czas, jak tworzyć eleganckie i profesjonalne wydruki, wyjaśnienie nowych angielskich słów i terminów.
650 7 _aAmi Pro
_2DBN
650 7 _aEdytory tekstu
_2DBN
655 7 _aPodręczniki
_2DBN
658 _aInformatyka i technologie informacyjne
710 2 _aIntersoftland
_4pbl
700 1 _aMajczak, Adam
_c(programista)
_eTłumaczenie
830 _aW 10 Minut
856 _uhttp://koha.tu.koszalin.pl/cgi-bin/koha/opac-detail.pl?biblionumber=6184
_yKatalog online BPK
942 _2UKD
_cKS
999 _c6184
_d6184